Создание в Сибири технологической платформы по добыче и переработке редкоземельных металлов (дискуссия); ЭКО; № 11

Bibliographic Details
Parent link:ЭКО: всероссийский экономический журнал.— , 1970-
№ 11.— 2012.— [С. 38-49]
Other Authors: Умаров З. З., Ягольницер М. А., Толстов А. В., Боярко Г. Ю. Григорий Юрьевич
Summary:Заглавие с экрана
Цель и направленность данной дискуссии - это рассмотрение состояния российской и мировой редкоземельной промышленности, анализ сырьевой базы для нее, а также уточнение препятствий и барьеров, которые мешают реализовать потенциал российских месторождений редкоземельных элементов и тем самым превратить его в реальный инструмент для решения социально-экономических задач развития Сибири и России.
Режим доступа: по договору с организацией-держателем ресурса
Language:Russian
Published: 2012
Subjects:
Online Access:https://elibrary.ru/item.asp?id=18048716
http://dnevniki.ykt.ru/ivanshamaev/544369
Format: Electronic Book Chapter
KOHA link:https://koha.lib.tpu.ru/cgi-bin/koha/opac-detail.pl?biblionumber=655113

MARC

LEADER 00000naa0a2200000 4500
001 655113
005 20250314110549.0
035 |a (RuTPU)RU\TPU\network\20925 
035 |a RU\TPU\network\3551 
090 |a 655113 
100 |a 20170630d2012 k||y0rusy50 ca 
101 0 |a rus 
102 |a RU 
135 |a drnn ---uucaa 
181 0 |a i  
182 0 |a b 
200 1 |a Создание в Сибири технологической платформы по добыче и переработке редкоземельных металлов (дискуссия)  |f З. З. Умаров [и др.] 
203 |a Текст  |c электронный 
300 |a Заглавие с экрана 
330 |a Цель и направленность данной дискуссии - это рассмотрение состояния российской и мировой редкоземельной промышленности, анализ сырьевой базы для нее, а также уточнение препятствий и барьеров, которые мешают реализовать потенциал российских месторождений редкоземельных элементов и тем самым превратить его в реальный инструмент для решения социально-экономических задач развития Сибири и России. 
333 |a Режим доступа: по договору с организацией-держателем ресурса 
461 |t ЭКО  |o всероссийский экономический журнал  |d 1970- 
463 |t № 11  |v [С. 38-49]  |d 2012 
610 1 |a электронный ресурс 
610 1 |a труды учёных ТПУ 
701 1 |a Умаров  |b З. З. 
701 1 |a Ягольницер  |b М. А. 
701 1 |a Толстов  |b А. В. 
701 1 |a Боярко  |b Г. Ю.  |c экономист  |c заведующий кафедрой Томского политехнического университета, доктор экономических наук  |f 1954-  |g Григорий Юрьевич  |3 (RuTPU)RU\TPU\pers\26105  |9 11935 
801 2 |a RU  |b 63413507  |c 20170630  |g RCR 
856 4 |u https://elibrary.ru/item.asp?id=18048716 
856 4 |u http://dnevniki.ykt.ru/ivanshamaev/544369 
942 |c CF